000 00629nam a2200241Ia 4500
003 OSt
005 20220918201512.0
006 a|||||r|||| 00| 0
007 ta
008 220917b |||||||| |||| 00| 0 eng d
024 _a94,410
037 _cTextual
040 _aARTS
_cARTS
_beng
041 _2eng
_aeng
082 _aV1(Q7)p1,N74, L5
110 _aIslamic Summit Conference
_999115
245 0 _aIslamic Summit Conference
_b Proceedings
260 _c1975
650 _aHISTORY
700 _aIslamic Summit Conference
_999116
942 _hV1(Q7)p1,N74, L5
_cTEXL
_2CC
999 _c218035
_d218035